Break the MBA admissions barrier (Record no. 746)

MARC details
000 -LEADER
fixed length control field 00656 a2200193 4500
008 - FIXED-LENGTH DATA ELEMENTS--GENERAL INFORMATION
fixed length control field 080820t xxu||||| |||| 00| 0 eng d
010 ## - LCCN (DPL NO)
LC control number ENG-84920
020 ## - INTERNATIONAL STANDARD BOOK NUMBER
International Standard Book Number 8177584642
Terms of availability 250.00
035 ## - SYSTEM CONTROL NUMBER
System control number EN-68453, B-225966
037 ## - SOURCE OF ACQUISITION
Source of stock number/acquisition D.B.Act / Pub
082 ## - DEWEY DECIMAL CLASSIFICATION NUMBER
Classification number 378.013
100 ## - MAIN ENTRY--PERSONAL NAME
Personal name Jain, Mohit Kumar
245 ## - TITLE STATEMENT
Title Break the MBA admissions barrier
Statement of responsibility, etc by Mohit Kumar Jain and M. Harindran
260 ## - PUBLICATION, DISTRIBUTION, ETC. (IMPRINT)
Place of publication, distribution, etc Delhi
Name of publisher, distributor, etc Dorling Kindersley (India), licensees of Pearson Education in South Asia,
Date of publication, distribution, etc 2006.
300 ## - PHYSICAL DESCRIPTION
Extent 322 p.
Dimensions 24 cm. (Pbk)
650 ## - SUBJECT ADDED ENTRY--TOPICAL TERM
Topical term or geographic name as entry element MBA admissions
700 ## - ADDED ENTRY--PERSONAL NAME
Personal name Harindran, M.
942 ## - ADDED ENTRY ELEMENTS (KOHA)
Institution code [OBSOLETE] dpl
Item type English Books
Call number prefix 378.013 / JAI
Source of classification or shelving scheme Dewey Decimal Classification
Classification part 378.013
Call number suffix JAI
Holdings
Withdrawn status Lost status Damaged status Not for loan Home library Current library Date acquired Cost, normal purchase price Total Checkouts Full call number Barcode Date last seen Copy number Cost, replacement price Koha item type Source of classification or shelving scheme Collection code Source of acquisition
        D.B.Act.Division D.B.Act.Division 20/08/2008 250.00   378.013 JAI EN-68453 15/09/2008 1 250.00 English Books      
        Patel Nagar Patel Nagar 24/07/2018 250.00 2 378.013 JAI B-225966 27/03/2019   250.00 English Books Dewey Decimal Classification Non-fiction BPPD/Pub

© Delhi Public Library
Hit Counter
free hit counter